Statistics for Liverpool FC Squad 2018-2019

Click here to take the quiz!

General Stats

  • This quiz has been taken 35 times
  • The average score is 22 of 27

Answer Stats

#PositionNationPlayer% Correct
5MFNetherlandsGeorginio Wijnaldum
100%
11FWEgyptMohamed Salah
100%
9FWBrazilRoberto Firmino
100%
66DFEnglandTrent Alexander-Arnold
100%
13GKBrazilAlisson
96%
26DFScotlandAndrew Robertson
96%
-CoachGermanyJürgen Klopp
96%
10FWSenegalSadio Mané
96%
4DFNetherlandsVirgil van Dijk
96%
27FWBelgiumDivock Origi
93%
3MFBrazilFabinho
93%
23FWSwitzerlandXherdan Shaqiri
93%
6DFCroatiaDejan Lovren
89%
12DFEnglandJoe Gomez
89%
14MFEnglandJordan Henderson
89%
8MFGuineaNaby Keïta
89%
32DFCameroonJoel Matip
85%
7MFEnglandJames Milner
81%
22GKBelgiumSimon Mignolet
78%
21MFEnglandAlex Oxlade-Chamberlain
74%
2DFEnglandNathaniel Clyne
70%
15FWEnglandDaniel Sturridge
67%
18DFSpainAlberto Moreno
63%
20MFEnglandAdam Lallana
56%
29FWEnglandDominic Solanke
48%
58FWWalesBen Woodburn
37%
56DFEnglandConnor Randall
4%

Score Distribution

Percentile by Number Answered

Percent of People with Each Score

Your Score History

You have not taken this quiz